Rozplétání standardů otevřených systémů.
Prudký rast štandardov otvorených systémov a jeho vplyv na rozvoj trhu software. Vytváranie technologicko-štandardizačných organizácií vo svete. Nová definícia otvorených systémov. Federálne štandardizačné úrady v USA. Nevládne štandardizačné organizácie a ich zameranie (COS, OSF, UI) na interoperab...
Na minha lista:
| Autor principal: | |
|---|---|
| Formato: | Capítulo de Livro |
| Idioma: | tcheco |
| Assuntos: | |
| Tags: |
Sem tags, seja o primeiro a adicionar uma tag!
|
MARC
| LEADER | 00000naa a2200000 4500 | ||
|---|---|---|---|
| 001 | r010157 | ||
| 005 | 20220831084426.6 | ||
| 041 | 0 | |a cze | |
| 044 | |a [CS] | ||
| 245 | 1 | 0 | |a Rozplétání standardů otevřených systémů. |c K. Quackenbush |
| 520 | |a Prudký rast štandardov otvorených systémov a jeho vplyv na rozvoj trhu software. Vytváranie technologicko-štandardizačných organizácií vo svete. Nová definícia otvorených systémov. Federálne štandardizačné úrady v USA. Nevládne štandardizačné organizácie a ich zameranie (COS, OSF, UI) na interoperabilné štandardy, operačné prostredie a prenášateľnosť. Medzinárodné štandardizačné organizácie. Štandardy a ES. | ||
| 610 | 2 | 0 | |a štandardizácia |
| 610 | 2 | 0 | |a normalizácia |
| 610 | 2 | 0 | |a softvér |
| 610 | 2 | 0 | |a programy počítačové |
| 610 | 2 | 0 | |a organizácie medzinárodné |
| 610 | 2 | 0 | |a jazyky programovacie |
| 610 | 2 | 0 | |a USA |
| 610 | 2 | 0 | |a Európske spoločenstvá |
| 100 | 1 | |a Quackenbush, K. | |